| 000 | 00807nam a22002055i 4500 | ||
|---|---|---|---|
| 001 | 68839 | ||
| 003 | ES-MaACL | ||
| 005 | 20230906170357.0 | ||
| 007 | t| | ||
| 008 | 960830s1873 fr ||||1| fre d | ||
| 040 |
_aCAM _bspa _cCAM |
||
| 100 | 1 |
_aGirault-Duvivier, Charles Pierre. _957253 |
|
| 245 | 1 | 0 |
_aGrammaire des grammaires ou anlyse raisonnée des meilleurs traités sur la langue française / _cpar Ch.-P. Girault-Duvivier; ... avec une solution explicite pour toutes les difficultés par P. Auguste Lemaire. |
| 250 | _a20e éd. | ||
| 260 |
_aParis : _bA. Cotelle libraire-éditeur, _c1873 ( _fImp. Viéville et Capiomunt) |
||
| 300 |
_a2 v. (XX, 1380 p.) ; _c22 cm. |
||
| 650 | 1 | 4 |
_aLengua francesa- _xGramática. _914220 |
| 700 | 1 |
_aLemaire, P. Auguste. _971450 |
|
| 852 |
_aES-MaACL _jB-12488-9 |
||
| 999 |
_c68839 _d68839 |
||